书目信息 |
| 题名: |
化工仪表维修工
|
|
| 作者: | 乐嘉谦 主编 | |
| 分册: | ||
| 出版信息: | 北京 化学工业出版社 2005 |
|
| 页数: | 507页 | |
| 开本: | 26cm | |
| 丛书名: | 职业技能鉴定培训用书 | |
| 单 册: | ||
| 中图分类: | TQ056.107 | |
| 科图分类: | ||
| 主题词: | 化工仪表--hua gong yi biao--维修--职业技能鉴定--教材 | |
| 电子资源: | ||
| ISBN: | 978-7-5025-5966-3 | |
| 000 | 00971nam 2200277 450 | |
| 001 | 012001003735 | |
| 005 | 20131105140118.0 | |
| 010 | @a978-7-5025-5966-3@dCNY68.00 | |
| 099 | @aCAL 012005083624 | |
| 100 | @a20041230d2005 ekmy0chiy0121 ea | |
| 101 | 0 | @achi |
| 102 | @aCN@b110000 | |
| 105 | @aak a 000yy | |
| 106 | @ar | |
| 200 | 1 | @a化工仪表维修工@Ahua gong yi biao wei xiu gong@f乐嘉谦主编 |
| 210 | @a北京@c化学工业出版社@d2005 | |
| 215 | @a507页@c图@d26cm | |
| 225 | 2 | @a职业技能鉴定培训用书@Azhi ye ji neng jian ding pei xun yong shu |
| 320 | @a有书目 (第507页) | |
| 330 | @a本书是一部有关化工仪表维修工的书籍。内容包括:当前企业常用的现场仪表、调节器和执行器,典型控制系统、PLC和DCS控制系统等。 | |
| 410 | 0 | @12001@a职业技能鉴定培训用书 |
| 606 | 0 | @a化工仪表@Ahua gong yi biao@x维修@x职业技能鉴定@j教材 |
| 690 | @aTQ056.107@v4 | |
| 701 | 0 | @a乐嘉谦@Ale jia qian@4主编 |
| 801 | 2 | @aCN@b上海新华@c20191020 |
| 905 | @b1206460-3@dTQ056.107@e559@f4 | |
| 化工仪表维修工/乐嘉谦主编.-北京:化学工业出版社,2005 |
| 507页:图;26cm.-(职业技能鉴定培训用书) |
| ISBN 978-7-5025-5966-3:CNY68.00 |
| 本书是一部有关化工仪表维修工的书籍。内容包括:当前企业常用的现场仪表、调节器和执行器,典型控制系统、PLC和DCS控制系统等。 |
| ● |
| 相关链接 |
|
|
|
|
正题名:化工仪表维修工
索取号:TQ056.107/559
 
预约/预借
| 序号 | 登录号 | 条形码 | 馆藏地/架位号 | 状态 | 备注 |
| 1 | 1206460 | 212064601 | 第二样本阅览室/ [索取号:TQ056.107/559] | 在馆 | |
| 2 | 1206461 | 212064610 | 第三借阅区/ [索取号:TQ056.107/559] | 在馆 | |
| 3 | 1206462 | 212064629 | 第三借阅区/ [索取号:TQ056.107/559] | 在馆 | |
| 4 | 1206463 | 212064638 | 第三借阅区/ [索取号:TQ056.107/559] | 在馆 |